|
|
|
|
| LEADER |
00634nta a2200157 i 4500 |
| 001 |
dipl33852 |
| 005 |
20180215141507.0 |
| 008 |
110812s2009 hu om 0|| zxx d |
| 040 |
|
|
|a SZTE Diploma Repozitórium
|b hun
|
| 041 |
|
|
|a zxx
|
| 100 |
1 |
|
|a Herczegfalvi László
|
| 245 |
1 |
2 |
|a A vény nélkül kapható gyógyszerek forgalmazásának liberalizációja és ennek hatása egy gyógyszertár forgalmára
|h [elektronikus dokumentum] /
|c Dr. László Herczegfalvi
|
| 260 |
|
|
|c 2009
|
| 650 |
|
4 |
|a Gazdaságtudományok
|
| 700 |
1 |
|
|a Soós Gyöngyvér
|e ths
|
| 856 |
4 |
0 |
|u http://diploma.bibl.u-szeged.hu/id/eprint/33852/1/szakdolgozat.pdf
|z Dokumentum-elérés
|